|
|
|
|
| LEADER |
00000nam0a2200000 4500 |
| 001 |
305016 |
| 005 |
20231102001747.0 |
| 035 |
|
|
|a (RuTPU)RU\TPU\book\330280
|
| 090 |
|
|
|a 305016
|
| 100 |
|
|
|a 20150922d1982 k y0rusy5003 ca
|
| 101 |
0 |
|
|a rus
|
| 102 |
|
|
|a RU
|
| 105 |
|
|
|a a z 001zy
|
| 200 |
1 |
|
|a Тепловые процессы и свойства рабочих тел двигателей летательных аппаратов
|e межвузовский сборник
|f Казанский авиационный институт им. А. Н. Туполева (КАИ) ; под ред. В. Е. Алемасова
|
| 210 |
|
|
|a Казань
|c Изд-во КАИ
|d 1982
|
| 215 |
|
|
|a 131 с.
|c ил.
|
| 320 |
|
|
|a Библиогр. в конце ст.
|
| 606 |
1 |
|
|a Авиационные двигатели
|x Тепловые процессы
|2 stltpush
|3 (RuTPU)RU\TPU\subj\252
|9 29236
|
| 610 |
1 |
|
|a летательные аппараты
|
| 610 |
1 |
|
|a химические топлива
|
| 610 |
1 |
|
|a сгорание
|
| 610 |
1 |
|
|a авиадвигателестроение
|
| 610 |
1 |
|
|a камеры сгорания
|
| 610 |
1 |
|
|a теплофизические свойства
|
| 610 |
1 |
|
|a жидкости
|
| 610 |
1 |
|
|a испарение
|
| 675 |
|
|
|a 621.431.75.01
|v 4
|
| 702 |
|
1 |
|a Алемасов
|b В. Е.
|4 340
|
| 712 |
0 |
2 |
|a Казанский авиационный институт им. А. Н. Туполева (КАИ)
|c (1932-1992)
|2 stltpush
|3 (RuTPU)RU\TPU\col\10046
|
| 801 |
|
0 |
|a RU
|b RuMRKP
|c 19950704
|g psbo
|
| 801 |
|
1 |
|a RU
|b 63413507
|c 20150922
|
| 801 |
|
2 |
|a RU
|b 63413507
|c 20171006
|g RCR
|
| 942 |
|
|
|c BK
|